Numbers by question - Statistics

General Stats
  • This quiz has been taken 18 times
  • The average score is 6 of 7
Answer Stats
Question Answer % Correct
Amount of states in USA? 50
100%
Amount countries on Hispaniola Island? 2
94%
Amount of micro countries inside France? 1
81%
Countries in the middle east? 18
75%
Millions of people in the Paris catacombs? 6
75%
Amount of cities over 10 million people? 31
69%
Amount of countries in Africa? 54
69%
No matching quizzes found
Score Distribution
Percent of People with Each Score
Percentile by Number Answered
Your Score History
You have not taken this quiz